00478cam a2200181ua 4500001000500000005001700005008003900022020001500061040000900076041000800085082000800093100002700101245008600128250000900214260003100223300001000254653003200264877020260515114356.0150213n ii |||gr||||Z||||||eng a8185891722 cMAIN aeng a813 aLaishram, S.,eAuthor.1 aStudy on the polemics of American realism in Mark Twain`s fictioncBy S. Laishram a1st. aNew Delhi:bRajesh,c2008. a198p. aAmerican fiction in English